000 00837nab a2200253 u 4500
001 14652
003 HDC
007 cr bn ---aaaaa
008 210215b2017mmddmy d||no |||| 00| 0 eng d
040 _aHDC
100 _aNurul Hanis Izmir
_911928
245 0 _aMalaysia Halal Council To Launch Framework By Year-end
_c/ Nurul Hanis Izmir
260 _aMalaysia:
_bBERNAMA,
_c2017
300 _a1 online resource
336 _atext
_2rdacontent
337 _acomputer
_2rdamedia
338 _aonline resource
_2rdacarrier
650 _aHalal food industry
_xManagement
_91946
710 _aBernama
856 _zRequest full-text at [email protected]
942 _2lcc
942 _cNEWS
942 _kNWSO 003720
999 _c11968
_d11968